01626nam a2200385 a 4500001001000000003000500010005001700015008004100032010001100073011001100084040000900095090001000104100004500114245014300159260004100302500006000343502007100403590004000474590004000514590004000554590004000594590004000634650002600674650004100700650003700741650003300778650004100811856007000852901000700922942001000929942000600939999001900945952014000964952013601104000111793CHAP20220329144229.0150817s2015 mx fsm |||||||spa d a108254 a109226 cCHAP aTesis1 aReyes Esteves, Rocío Guadalupe912975510aEfecto del tipo de sistema de riego en la estimación de la demanda máxima de riegoh[En línea]cpor Rocío Guadalupe Reyes Esteves. aChapingo, Méx. :bEl autor,c2015. aPara ver el contenido del material haga clic en la liga aTesis (Ing. en Irrigación) -- UACH. Departamento de Irrigación aE5995AHEb05c20150817lUCH01h0943 aE5995AHEb05c20150817lUCH01h0943 aE5995AHEb05c20150818lUCH01h0903 aE5995AHEb05c20150819lUCH01h0942 aE5995AHEb05c20150819lUCH01h095014aAgua en suelos.9242814aCalendario para irrigación.91746414aCultivosxAgua requerida.93022414aEvapotranspiración.93896814aIrrigaciónxMéxico (Edo.)960434 aFinding aiduhttp://10.13.5.2/tesis/sist111793.pdfzTeclea aquí aBK cTESIS n0 c108254d108254 00102local4053708TESISaBCbBCcPA_TESISd2015-08-17fTESISl0oTesisp33724002507819r2019-12-31 00:00:00tc.2w2019-12-31yTESIS 00104054718TESISaBCbBCd2015-08-17fTESISl0oTesisp33724002507850r2019-12-31 00:00:00w2019-12-31yTESISzRecien adquirido